| 000 -LEADER |
| fixed length control field |
00698nam a22002297a 4500 |
| 008 - FIXED-LENGTH DATA ELEMENTS--GENERAL INFORMATION |
| fixed length control field |
131204b xxu||||| |||| 00| 0 eng d |
| 020 ## - INTERNATIONAL STANDARD BOOK NUMBER |
| International Standard Book Number |
1571813349 |
| 041 0# - LANGUAGE CODE |
| Language code of text/sound track or separate title |
eng |
| 080 ## - UNIVERSAL DECIMAL CLASSIFICATION NUMBER |
| Universal Decimal Classification number |
342 |
| 245 10 - TITLE STATEMENT |
| Title |
Culture and Politics : |
| Statement of responsibility, etc |
edited by Rik Pinkxten ; Ghislain Verstreate ; Chia Longman. |
| 250 ## - |
| -- |
Volume 2 |
| 260 ## - |
| -- |
New York : |
| -- |
Bergbabn Books ; |
| -- |
2004. |
| 300 ## - |
| -- |
141 f. : |
| -- |
me il. ; |
| -- |
23 cm. |
| 500 ## - |
| -- |
Preface : f. [VII[-VIII |
| 505 ## - |
| -- |
Index : f. [135]-141 |
| 650 #0 - |
| -- |
Kultura |
| 650 #0 - |
| -- |
Politika |
| 700 ## - |
| -- |
Pinxten, Rik ; |
| 700 ## - |
| -- |
Verstraete, Ghislain ; |
| 700 ## - |
| -- |
Longman, Chia ; |
| 942 ## - ADDED ENTRY ELEMENTS (KOHA) |
| Source of classification or shelving scheme |
|
| Item type |
Books |